Biggest Cities in Countries with Population below 1 Million - Statistics

General Stats
  • This quiz has been taken 38 times
  • The average score is 13 of 16
Answer Stats
Country Answer Population % Correct
Luxembourg Luxembourg 181k
100%
Iceland Reykjavik 236k
100%
Bahamas Nassau 246k
97%
Maldives Male 127k
94%
Guyana Georgetown 118k
89%
Suriname Paramaribo 240k
89%
Montenegro Podgorica 150k
89%
Fiji Suva 185k
89%
Bhutan Thimphu 114k
86%
Brunei Bandar Seri Begawan 266k
83%
Comoros Moroni 74k
81%
Cape Verde Praia 137k
81%
Solomon Islands Honiara 158k
78%
Barbados Bridgetown 88k
75%
Luxembourg Esch-sur-Alzette 93k
39%
Fiji Lautoka 71k
19%
No matching quizzes found
Score Distribution
Percent of People with Each Score
Percentile by Number Answered
Your Score History
You have not taken this quiz